000 00579 a2200217 4500
005 20260401122400.0
008 260401b |||||||| |||| 00| 0 eng d
020 _a9789364558310
_cRs. 1595.00
040 _aMAIN
082 _a336.24
_bS64S(31)
100 _aSinghania, Vinod K
245 _aTaxmann's students' guide to income tax and GST: Problems and solutions
250 _a31st
260 _bTaxmann Publications
_c2025
_aNew Delhi
300 _av.
650 _aEconomics
650 _aIncome Tax
650 _aGST
700 _aSinghania, Monica
942 _cBK
999 _c311368
_d311368